Регионална библиотека "Любен Каравелов" - Русе

На словото с любов (Запис номер 447580)

MARC детайли
000 -Лидер
Контролно поле с фиксирана дължина nam a22 a 4500
003 - Код на организацията, давaща контролен номер
Контролно поле BLK
005 - Дата и час на последна редакция
Контролно поле 20220308132221.0
008 - Елементи от данни с фиксирана дължина
fixed length control field 220308b bul|||||r ||||||| ||bul||
040 ## - Източник на каталожния запис
Идентификатор на билиотеката - собственик на записа BLK
041 ## - Код за език
Код за езика на текст/звукозапис или на отделно заглавие Български
Код за езика КДБФ Български
080 ## - УДК
Текстов определител УДК Извънкласна и извънучилищна дейност - Кръжоци, дружества, конкурси, училищни тържества, спортни състезания, техническо творчество, художествена самодейност и др.
УДК код - определител по УДК 37.035.46
УДК определител (062)
УДК - код + определител 37.035.46(062)
139 ## - Редно поле
Авторски знак На - Н 12
245 10 - Сведения за заглавието
Заглавие На словото с любов
Подзаглавни данни Поетични трепети
Физически носител (вид на носителя) [Малотир. изд.]
257 ## - Страна на издаване
Страна на създаване/издаване България
260 ## - Област на издателските данни
Място на издаване, разпространение и проч. Русе
Име на издателя, разпространителя и проч. б. и.
Година на издаване 2008
9 (RLIN) 441842
300 ## - Физическа характеристика
Страници 28 с.
Илюстрации и др. с ил.
Размери/Мащаб 21 см
380 ## - Жанр
Жанр Обществени науки
500 ## - Общи забележки
Забележка Изд. Общински детски център за култура и изкуство - Русе, Клуб Приятели на книгата
653 #7 - Ключова дума – ненормативна
Ключова дума детско творчество
9 (RLIN) 184873
653 #7 - Ключова дума – ненормативна
Ключова дума Общински детски център за култура и изкуство
9 (RLIN) 192640
852 ## - Местоположение
Фондова буква Краезнание
Систематично-азбучна сигнатура К 37/Н 12
856 4# - Електронен адрес и достъп
Електронен формат pdf - файл
856 4# - Електронен адрес и достъп
Електронен формат pdf - файл
999 ## - СИСТЕМНИ КОНТРОЛНИ НОМЕРА
Koha biblionumber 447580
Koha biblioitemnumber 447580
942 ## - АРТИКУЛИ
Вид на библиотечния материал Книги
Скрит в OPAC Не
Периодичен библиозапис Да
944 ## - СЪЗДАВАНЕ И РЕДАКЦИЯ на ЗАПИСА
Създаване/Редакция Създаване
Дата на регистрацията/редакция 2022-03-08
Служител, извършил регистрацията/редакцията А.М.
999 ## - СИСТЕМНИ КОНТРОЛНИ НОМЕРА
Koha biblioitemnumber 447580
Наличности
Код за отписване Код за изгубен артикул Източник на класификационната схема Код за повреда Коз за рестрикции Код за отдаване Артикулен № Име на библиотеката - собственик Име на библиотеката, в която се намира в момента Статус (Текущо местоположение) Дата на вписване в системата Местоположение - отдел Цена в лева Систематично азбучна сигнатура Баркод Цена в евро Служебен тип на артикула
  Не е изгубен Universal Decimal Classification Не е повреден само за читалня ползва се в читалня 875555 Регионална библиотека "Любен Каравелов" Русе Регионална библиотека "Любен Каравелов" Русе Краезнание 2022-03-15 Краезнание 1.00 К 37/Н 12 120000868336 0.51 Книги
Vip Innovations Ltd, Rousse, Bulgaria 2025